000 00954cam a2200277 4500
999 _c5547
_d5547
001 4537339
003 OSt
005 20220420100851.0
008 731001s1966 sz a b 000 0 eng
010 _a 67089232
015 _aSw67-A9-2039
040 _aDLC
_cALUPE UNIVERSITY
_dDLC
050 0 0 _aRA966
_b.L55 1966
082 0 0 _a658/.91/36211
100 2 _aLlewelyn-Davies, Richard,
_cBaron,
_d1912-
245 1 0 _aHospital planning and administration
_c[by] R. Llewelyn-Davies [and] H. M. C. Macaulay.
260 _aGeneva,
_bWorld Health-Organization,
_c1966.
300 _a215 p.
_billus.
_c24 cm.
490 0 _aWorld Health Organization. Monograph series no. 54
504 _aBibliography: p. 197-205.
650 0 _aHospitals
_xAdministration.
650 0 _aHospital buildings
_xDesign and construction.
700 1 _aMacaulay, Hugh Montagu Cameron,
_ejoint author.
906 _a7
_bcbc
_corignew
_du
_eopcn
_f19
_gy-gencatlg
942 _2lcc
_cBK
_nBA